1742 1775 1961 1365 1699 1069 1992 1146 1749 1538 1023 1248 1793 1089 1061 1928 1109 1918 1139 1733 1197 1437 1009 1791 1657 1663 1544 1157 1701 1970 1648 1565 1600 1827 1766 1578 1363 1151 1599 1130 1271 1936 1705 1151 1341 1168 1018 1747 1216 1357 1133 1946 1950 1868 1040 1804 1791 1127 1833 1901 1400 1163 1802 1037 1482 1001 1330 1110 1044 1829 1976 1397 1371 1262 1804 1378 1231 1623 1450 1052 1055 1548 1000 1666 1637 1130 1126 1380 1051 1702 1804 1058 1622 1068 1342 1004 1173 1784 1211 BCNSPRNW ULIB Ver.6.0+V

เปลี่ยนเป็นภาษาไทย

Change to English
 แสดงรายละเอียดบรรณานุกรม
  กลับหน้าหลัก

Brief Record : Get Marc (ISO 2709) : E-mail record : QR code < ปิดหน้าต่าง
LEADER : 00000nam 2200000uu 4500
001    13399114133
003     ULIB
008    120222s||||||||th 000 0 tha d
020    ^a9789744019424
060 04 ^aWY156^bพ587ก
100 0  ^aพัสมณฑ์ คุ้มทวีพร
245 10 ^aการพยาบาลผู้ป่วยมะเร็ง :^bการป้องกันและการดูแลผู้ป่วย = Oncology nursing : Prevention and caring/^cพัสมณฑ์ คุ้มทวีพร
246    ^aOncology nursing : Prevention and caring.
250    ^aพิมพ์ครั้งที่ 1
260    ^aกรุงเทพฯ :^bฮายาบุสะ กราฟฟิก,^c2553
300    ^a204 หน้า :^bภาพประกอบ ;^c26 ซม.
650  4 ^aการส่งเสริมสุขภาพ
650  4 ^aมะเร็ง^xการป้องกันและควบคุม
650  4 ^aมะเร็ง^xการพยาบาล
945    ^p250^l0^i031029
945    ^p250^l0^i031030
945    ^p250^l0^i031031
945    ^p250^l0^i031032
945    ^p250^l0^i031033
945    ^p250^l0^i031034
945    ^p250^l0^i031035
945    ^p250^l0^i031359
945    ^p250^l0^i031360
945    ^p250^l0^i031361
945    ^p250^l0^i031362
945    ^p250^l0^i031363
945    ^p250^l0^i031364
995    ^aเกษร
999    ^aใช้งานได้ทุกระบบ
รายการนี้ยังไม่มีแท็ก
คุณยังไม่ได้ล็อกอิน คุณสามารถมีกิจกรรมร่วมกับเว็บไซต์ได้ แต่ต้องล็อกอินก่อน ::
  ล็อกอิน

รายการสื่อสารสนเทศ

ลำดับที่ ประเภท เลขเรียก/บาร์โค้ด สถานที่ สถานะ
1. วิทยาศาสตร์การแพทย์ และสุขภาพ
หนังสือสำรอง
สถานะ=หนังสือสำรอง
WY156 พ587ก ฉ.1 
  Barcode: 031029
ห้องสมุดวิทยาเขตสวรรค์ประชารักษ์
►ส่วนจัดเก็บหนังสือเก่า สปร
บนชั้น
  ขอยืม
2. วิทยาศาสตร์การแพทย์ และสุขภาพ
วิทยาศาสตร์การแพทย์ และสุขภาพ
WY156 พ587ก ฉ.10 
  Barcode: 031361
ห้องสมุดวิทยาเขตสวรรค์ประชารักษ์
►ส่วนจัดเก็บหนังสือเก่า สปร
บนชั้น
  ขอยืม
3. วิทยาศาสตร์การแพทย์ และสุขภาพ
วิทยาศาสตร์การแพทย์ และสุขภาพ
WY156 พ587ก ฉ.11 
  Barcode: 031362
ห้องสมุดวิทยาเขตสวรรค์ประชารักษ์
►ส่วนจัดเก็บหนังสือเก่า สปร
บนชั้น
  ขอยืม
4. วิทยาศาสตร์การแพทย์ และสุขภาพ
วิทยาศาสตร์การแพทย์ และสุขภาพ
WY156 พ587ก ฉ.12 
  Barcode: 031363
ห้องสมุดวิทยาเขตสวรรค์ประชารักษ์
►ส่วนจัดเก็บหนังสือเก่า สปร
บนชั้น
  ขอยืม
5. วิทยาศาสตร์การแพทย์ และสุขภาพ
วิทยาศาสตร์การแพทย์ และสุขภาพ
WY156 พ587ก ฉ.3 
  Barcode: 031031
ห้องสมุดวิทยาเขตสวรรค์ประชารักษ์
►ส่วนจัดเก็บหนังสือเก่า สปร
บนชั้น
  ขอยืม
6. วิทยาศาสตร์การแพทย์ และสุขภาพ
วิทยาศาสตร์การแพทย์ และสุขภาพ
WY156 พ587ก ฉ.4 
  Barcode: 031032
ห้องสมุดวิทยาเขตสวรรค์ประชารักษ์
►ส่วนจัดเก็บหนังสือเก่า สปร
บนชั้น
  ขอยืม
7. วิทยาศาสตร์การแพทย์ และสุขภาพ
วิทยาศาสตร์การแพทย์ และสุขภาพ
WY156 พ587ก ฉ.5 
  Barcode: 031033
ห้องสมุดวิทยาเขตสวรรค์ประชารักษ์
►ส่วนจัดเก็บหนังสือเก่า สปร
บนชั้น
  ขอยืม
8. วิทยาศาสตร์การแพทย์ และสุขภาพ
วิทยาศาสตร์การแพทย์ และสุขภาพ
WY156 พ587ก ฉ.6 
  Barcode: 031034
ห้องสมุดวิทยาเขตสวรรค์ประชารักษ์
►ส่วนจัดเก็บหนังสือเก่า สปร
บนชั้น
  ขอยืม
9. วิทยาศาสตร์การแพทย์ และสุขภาพ
วิทยาศาสตร์การแพทย์ และสุขภาพ
WY156 พ587ก ฉ.7 
  Barcode: 031035
ห้องสมุดวิทยาเขตสวรรค์ประชารักษ์
►ส่วนจัดเก็บหนังสือเก่า สปร
บนชั้น
  ขอยืม
10. วิทยาศาสตร์การแพทย์ และสุขภาพ
วิทยาศาสตร์การแพทย์ และสุขภาพ
WY156 พ587ก ฉ.8 
  Barcode: 031359
ห้องสมุดวิทยาเขตสวรรค์ประชารักษ์
►ส่วนจัดเก็บหนังสือเก่า สปร
บนชั้น
  ขอยืม
11. วิทยาศาสตร์การแพทย์ และสุขภาพ
วิทยาศาสตร์การแพทย์ และสุขภาพ
WY156 พ587ก ฉ.9 
  Barcode: 031360
ห้องสมุดวิทยาเขตสวรรค์ประชารักษ์
►ส่วนจัดเก็บหนังสือเก่า สปร
บนชั้น
  ขอยืม

รายการใกล้เคียง
    ผู้แต่ง [พัสมณฑ์ คุ้มทวีพร]

    หัวเรื่อง [การส่งเสริมสุขภาพ]
    หัวเรื่อง [มะเร็ง การป้องกันและควบคุม]

BibComment


ยังไม่เคยถูกคอมเมนท์

คอมเมนท์ทรัพยากรรายการนี้
  คอมเมนท์: การพยาบาลผู้ป่วย..


 Copyright 2026. Bcnsprnw @Library